书目信息 |
| 题名: |
世界现代设计史考研核心笔记
|
|
| 作者: | 疾风劲草 编 | |
| 分册: | ||
| 出版信息: | 广州 岭南美术出版社 2019.10 |
|
| 页数: | 210页 | |
| 开本: | 30cm | |
| 丛书名: | ||
| 单 册: | ||
| 中图分类: | J509 | |
| 科图分类: | ||
| 主题词: | 工艺美术--艺术理论 | |
| 电子资源: | ||
| ISBN: | 978-7-5362-6897-5 | |
| 000 | 00599nam0 2200193 45 | |
| 001 | 2138732382 | |
| 005 | 20210913105005.83 | |
| 010 | @a978-7-5362-6897-5@dRMB 85.00 | |
| 100 | @a20210913d2019 km y0chiy0120 ea | |
| 101 | 0 | @achi |
| 102 | @aCN@b440000 | |
| 200 | 1 | @a世界现代设计史考研核心笔记@Ashi jie xian dai she ji shi kao yan he xin bi ji@f疾风劲草 编@Fji feng jin cao bian |
| 210 | @a广州@c岭南美术出版社@d2019.10 | |
| 215 | @a210页@d30cm | |
| 606 | 0 | @a工艺美术@x艺术理论 |
| 690 | @aJ509@v4 | |
| 701 | 0 | @a疾风劲草@Aji feng jin cao@4编 |
| 801 | 0 | @aCN@bPFT@c20210913 |
| 905 | @a10447@dJ509@eJ123 | |
| 世界现代设计史考研核心笔记/疾风劲草 编.-广州:岭南美术出版社,2019.10 |
| 210页;30cm |
| ISBN 978-7-5362-6897-5:RMB 85.00 |
| ● |
| 相关链接 |
|
|
|
正题名:世界现代设计史考研核心笔记
索取号:J509/J123
 
预约/预借
| 序号 | 登录号 | 条形码 | 馆藏地/架位号 | 状态 | 备注 |
| 1 | 1502793 | 215027931 | 社科库309/309社科库 85排3列3层/ [索取号:J509/J123] | 在馆 |